00709 2200265 4500001002100000005001700021008004100038020001800079035002500097040001200122082000800134084001700142100001800159245006800177250001100245260003300256300003100289500003100320500001100351650002000362700001600382850001500398999001500413999001500428YOGYA-0209000000884220150708112922.0 ind  a979-407-004-X a0010-020900000008842 aYOPDYOG a100 aPK 100 Bee F aBEERLING, R.F aFilsafat dewasa inic/ R.F.Beerling ; diterjemahkan, Hasan Amir aCet. 5 aJakartabBalai Pustakac1994 a248 hlm.b: ilus.c; 21 cm aBibliografi : hlm. 246-248 aIndeks aFilsafat modern aAmir, Hasan aYOPDYOG(B) a00P0001756 a00P0001757